| 000 | 00779nam a2200241 a 4500 | ||
|---|---|---|---|
| 999 |
_c11033 _d11033 |
||
| 001 | 11033 | ||
| 003 | BD-JhCC | ||
| 005 | 20190727103708.0 | ||
| 008 | 190627b20132015bg a|||| ||a| 000 0 ben d | ||
| 020 | _a9789849053729 | ||
| 035 | _a(BD-JhCC)11033 | ||
| 040 |
_aBD-JhCC _dBD-JhCC |
||
| 041 | _aben | ||
| 082 |
_a006.78 _bRAH 2015 |
||
| 100 | _aরহমান, মোঃ মিজানুর | ||
| 245 |
_aঅ্যাডভান্সড ওয়ার্ডপ্রেস / _cমোঃ মিজানুর রহমান । |
||
| 260 |
_aঢাকাঃ _bজ্ঞানকোষ প্রকাশনী; _c২০১৫. |
||
| 300 |
_a432 p . : _bill; _c24 cm. |
||
| 650 | _aWord Press | ||
| 650 | _aWeb site dene wpment | ||
| 942 |
_2ddc _cBK |
||